[Event "Campos Migjorn op"]
[Site "Campos"]
[Date "2016.09.30"]
[Round "7"]
[White "Artigues, Sebastian"]
[Black "Bonet Manresa, Joan Miquel"]
[Result "1-0"]
[WhiteElo "1753"]
[BlackElo "1222"]
[PlyCount "83"]
[EventDate "2016.09.09"]
[EventType "swiss"]
[EventRounds "8"]
[EventCountry "ESP"]
[SourceTitle "EXT 2017"]
[Source "ChessBase"]
[SourceDate "2016.10.25"]
[SourceVersion "1"]
[SourceVersionDate "2016.10.25"]
[SourceQuality "1"]

1. e4 e5 2. Nf3 Nc6 3. a3 Nf6 4. Nc3 Bc5 5. h3 a6 6. Be2 0-0 7. d3 d5 8. Bg5 h6 9. Bxf6 Qxf6 10. Nxd5 Qd8 11. Qd2 Be6 12. Nxe5 Bxd5 13. d4 Bxe4 14. Nxc6 bxc6 15. dxc5 Qxd2+ 16. Kxd2 Bxg2 17. Rhg1 Bxh3 18. Rg3 Bf5 19. Rag1 g5 20. f4 f6 21. Bd3 Be6 22. Re1 Rfe8 23. Rxe6 Rxe6 24. Bc4 Rd8+ 25. Kc3 Kg7 26. Bxe6 h5 27. fxg5 h4 28. Rg2 fxg5 29. Bc4 Kf6 30. Bxa6 Kf5 31. Bb7 h3 32. Rf2+ Kg4 33. Bxc6 Kg3 34. Rf3+ Kh2 35. a4 g4 36. Rf2+ Kg1 37. Re2 g3 38. a5 Kf1 39. Re3 Rg8 40. a6 g2 41. Rxh3 Rg6 42. a7 1-0

[Event "Campos Migjorn op"]
[Site "Campos"]
[Date "2016.09.17"]
[Round "4"]
[White "Martorell Prats, Antonio"]
[Black "Bonet Manresa, Joan Miquel"]
[Result "1-0"]
[WhiteElo "1583"]
[BlackElo "1222"]
[PlyCount "33"]
[EventDate "2016.09.09"]
[EventType "swiss"]
[EventRounds "8"]
[EventCountry "ESP"]
[SourceTitle "EXT 2017"]
[Source "ChessBase"]
[SourceDate "2016.10.25"]
[SourceVersion "1"]
[SourceVersionDate "2016.10.25"]
[SourceQuality "1"]

1. e4 e5 2. Nf3 Nc6 3. Bb5 Nf6 4. 0-0 a6 5. Bxc6 bxc6 6. Nxe5 Bc5 7. d4 Bb6 8. Bg5 0-0 9. Ng4 d6 10. Nxf6+ gxf6 11. Bh6 Re8 12. Qd3 Qd7 13. h3 Kh8 14. f4 f5 15. Bg5 fxe4 16. Bf6+ Kg8 17. Qg3+ 1-0